|
|
|
|
| LEADER |
01688nam a22003378i 4500 |
| 001 |
27796 |
| 003 |
BD-DhAAL |
| 005 |
20131230115638.0 |
| 008 |
131229s2013 nyu b 001 0 eng |
| 010 |
|
|
|a 2013021722
|
| 020 |
|
|
|a 9781137264282
|
| 040 |
|
|
|a DLC
|b eng
|c DLC
|e rda
|d BD-DhAAL
|
| 050 |
0 |
0 |
|a PR447
|b .R86 2013
|
| 082 |
0 |
0 |
|a 820.9/145
|2 23
|
| 100 |
1 |
|
|a Ruston, Sharon.
|9 3618
|
| 245 |
1 |
0 |
|a Creating Romanticism :
|b case studies in the literature, science and medicine of the 1790s /
|c Sharon Ruston
|
| 260 |
|
|
|a New York ;
|a Hampshire :
|b Palgrave Macmillan,
|c 2013
|
| 263 |
|
|
|a 1308
|
| 300 |
|
|
|a xiv, 218 p. :
|b ill. ;
|c 22 cm.
|
| 490 |
|
|
|a Palgrave studies in the enlightenment, romanticism and cultures of print
|
| 504 |
|
|
|a Includes bibliographical references (p.194-210) and index.
|
| 505 |
0 |
|
|a Mary Wollstonecraft and nature -- William Godwin and the imagination -- Romantic creation -- Humphry Davy and the sublime.
|
| 541 |
|
|
|e 27796, 27797
|
| 650 |
|
0 |
|a Romanticism
|z Great Britain.
|9 3616
|
| 650 |
|
0 |
|a English literature
|y 18th century
|x History and criticism.
|9 3619
|
| 650 |
|
0 |
|a Literature and science
|z Great Britain
|x History
|y 18th century.
|9 3620
|
| 650 |
|
0 |
|a Literature and medicine
|z Great Britain
|x History
|y 18th century.
|9 3621
|
| 942 |
|
|
|2 ddc
|c BK
|
| 999 |
|
|
|c 14116
|d 14116
|
| 952 |
|
|
|0 0
|1 0
|2 ddc
|4 0
|6 820_914500000000000_RUS
|7 0
|9 23765
|a BRACUL
|b BRACUL
|c GEN
|d 2013-12-30
|e Trim Education
|g 5156.00
|l 2
|m 15
|o 820.9145 RUS
|p 3010027797
|r 2015-01-06
|s 2014-08-04
|t 2
|w 2013-12-30
|y BK
|
| 952 |
|
|
|0 0
|1 0
|2 ddc
|4 0
|6 820_914500000000000_RUS
|7 0
|9 23766
|a BRACUL
|b BRACUL
|c GEN
|d 2013-12-30
|e Trim Education
|g 5156.00
|l 2
|m 8
|o 820.9145 RUS
|p 3010027796
|r 2023-10-11
|s 2023-10-04
|t 1
|w 2013-12-30
|y BK
|